Sports Quiz

Random Sports or World Quiz

2002 World Cup Teams Quiz Stats

 Plays Quiz Updated Sep 24, 2018

Score 0/32 Timer 05:00
37 Plays Today
Group % Correct
Group CBrazil
96.7%
Group AFrance
94.4%
Group EGermany
94.1%
Group FEngland
93.1%
Group FArgentina
92.7%
Group BSpain
92.3%
Group DUnited States
91.8%
Group GItaly
91.6%
Group HJapan
90.1%
Group DKorea Republic
87.8%
Group DPortugal
86.9%
Group GMexico
85.1%
Group FSweden
79%
Group HRussia
76.4%
Group AUruguay
75.2%
Group CChina PR
72.8%
Group % Correct
Group FNigeria
69.4%
Group BParaguay
69.4%
Group ADenmark
69.2%
Group ERepublic of Ireland
68.7%
Group ECameroon
65%
Group CTurkey
64.3%
Group DPoland
63.1%
Group BSouth Africa
62.8%
Group HBelgium
57.8%
Group GCroatia
54.5%
Group ESaudi Arabia
54.5%
Group ASenegal
54.4%
Group CCosta Rica
50.2%
Group GEcuador
46%
Group BSlovenia
41.2%
Group HTunisia
36%

You're not logged in!

Compare scores with friends on all Sporcle quizzes.
OR
Log In

Sporcle TV

Today on Sporcle TV


Watch our educational content, quiz creation guides, and fun videos on Sporcle TV.

Show Comments

Extras

Top Quizzes Today


Score Distribution

Your Account Isn't Verified!

In order to create a playlist on Sporcle, you need to verify the email address you used during registration. Go to your Sporcle Settings to finish the process.

Report this User

Report this user for behavior that violates our Community Guidelines.

Details: